LEADER 00947nam0-22003011i-450- 001 990005524710403321 005 20070130113213.0 035 $a000552471 035 $aFED01000552471 035 $a(Aleph)000552471FED01 035 $a000552471 100 $a19990604d1930----km-y0itay50------ba 101 0 $aita 105 $af-------00--- 200 1 $a<>cappuccini$en contributo alla storia della controriforma$fP. Cuthbert$gtrad. dall'originale inglese di P. Arsenio da S. Agata Feltria 210 $aFaenza$cSocieta Tipografica Faentina$d1930 215 $aXIII, 547 p., 17 tav.$d23 cm 610 0 $aCappuccini$aStoria 676 $a271.36$v21$zita 700 1$aCuthbert,$bP.$0399942 702 1$aArsenio Da S. Agata feltria 801 0$aIT$bUNINA$gRICA$2UNIMARC 901 $aBK 912 $a990005524710403321 952 $a271.36 CUT 1$bST.MED.MOD. 5905$fFLFBC 959 $aFLFBC 996 $aCappuccini$9610131 997 $aUNINA LEADER 00906nam0-22002891i-450- 001 990005523210403321 005 19990530 035 $a000552321 035 $aFED01000552321 035 $a(Aleph)000552321FED01 035 $a000552321 100 $a19990530d1933----km-y0itay50------ba 101 0 $afre 105 $ay-------001yy 200 1 $a<>Talmud$eExposT synthètique du Talmud et de l'enseignement des rabbins sur l'Tthique, la religion, les coutumes et la jurisprudence$fpar A. Cohen$gtraduction de Jacques Marty 210 $aParis$cPayot$d1933 215 $a467 p.$d23 cm 225 1 $aBibliothèque historique 700 1$aCohen,$bA.$045805 702 1$aMarty,$bJacques$f<1883-1952> 801 0$aIT$bUNINA$gRICA$2UNIMARC 901 $aBK 912 $a990005523210403321 952 $aCOLL. 76 (165)$bBIBL. 11803$fFLFBC 959 $aFLFBC 996 $aTalmud$9544358 997 $aUNINA